00397pab a2200133 454500008004000000100002200040245010700062260000900169300001400178362000800192650001600200650001800216773002900234180718b1998 xxu||||| |||| 00| 0 eng d aHastings, Annette aConnecting linguistic structures and social practices: a discursive approach to social policy analysis c1998 ap.191-211 aApr aLinguistics aSocial policy aJournal of Social Policy